| 000 | 00866nam0a22002411 4500 | ||
|---|---|---|---|
| 001 | rc\4312291 | ||
| 005 | 20260406235548.0 | ||
| 021 |
_aRU _bРг3951-59 |
||
| 035 | _a(NLR Aleph) 008260822 | ||
| 090 |
_a8395794 _c8395794 |
||
| 100 | _a20130416d1959 |||y0rusy50 ca | ||
| 101 | 0 | _arus | |
| 102 | _aRU | ||
| 105 | _ay z ||||| | ||
| 200 | 1 |
_aВозведение жилых зданий с транспортных средств _fНауч.-техн. о-во строит. индустрии СССР. Ленингр. правл. |
|
| 210 |
_a[Ленинград] _cБ. и. _d1959 |
||
| 215 |
_a7 с. _d19 |
||
| 712 | 0 | 2 |
_aНТО строит. индустрии СССР _bЛенинградское правление _3RU\NLR\AUTH\889989442 _9474391 |
| 801 | 0 |
_aRU _bNLR _gpsbo |
|
| 801 | 1 |
_aRU _bELAR _2rusmarc |
|
| 852 |
_aNLR _j59-4/9535 |
||
| 942 | _cBOOK | ||
| 980 | _aNB | ||